| 000 | 00961cad a22002055a 4500 | ||
|---|---|---|---|
| 001 | E150025 | ||
| 008 | 100525e20100506xxk 000 0 eng d | ||
| 035 | _a(Sirsi) u150025 | ||
| 041 | 0 | _aeng | |
| 110 | 2 |
_aRoyal Institution of Chartered Surveyors _94900 |
|
| 245 | 0 | 0 |
_aRICS responds to marine policy statement _h[electronic resource] |
| 260 | _c2010 | ||
| 490 |
_aRICS Press Release _v6 May 2010 |
||
| 520 | _aSets out the RICS response to DEFRA's pre-consultation on the draft Marine Policy Statement (see E150024). RICS emphasised a number of key issues of relevance to the marine surveying profession and was generally supportive of this historic UK policy document. | ||
| 590 | _aKA | ||
| 651 | 4 |
_aUnited Kingdom _y |
|
| 690 | _aPROPERTY-RURAL AND NATURAL ASSETS-MARINE RESOURCES-MARINE RESOURCE MANAGEMENT | ||
| 856 | 4 | 0 |
_uhttps://www.rics.org/site/scripts/news_article.aspx?newsID=1425 _zView the response free of charge at www.rics.org |
| 942 | _n0 | ||
| 999 |
_c82361 _d82361 |
||